[Event "DEM U18 2025"]
[Site "Willingen GER"]
[Date "2025.06.13"]
[Round "8"]
[White "Deschler, Arne"]
[Black "Stützer, Kiran"]
[Result "1-0"]
[Termination "normal"]
[Board "14"]
[WhiteElo "2055"]
[BlackElo "1869"]
[WhiteClock "00:22:45"]
[BlackClock "00:40:48"]
[PlyCount "73"]
[WhiteFideId "16274415"]
[BlackFideId "34665374"]
[EventCountry "GER"]
[EventRounds "9"]
[EventType "swiss"]
[EventDate "2025.06.07"]

1. e4 {[%clk 01:30:59]} c5 {[%clk 01:30:05]} {[%emt 00:00:56]} 2. Nf3 {[%clk
01:31:24]} {[%emt 00:00:05]} d6 {[%clk 01:30:30]} {[%emt 00:00:04]} 3. d4
{[%clk 01:31:52]} {[%emt 00:00:02]} cxd4 {[%clk 01:30:55]} {[%emt 00:00:05]} 4.
Nxd4 {[%clk 01:32:19]} {[%emt 00:00:05]} Nf6 {[%clk 01:31:18]} {[%emt
00:00:05]} 5. Nc3 {[%clk 01:32:47]} {[%emt 00:00:03]} g6 {[%clk 01:31:42]}
{[%emt 00:00:06]} 6. Be3 {[%clk 01:33:12]} {[%emt 00:00:05]} a6 {[%clk
01:32:07]} {[%emt 00:00:05]} 7. f3 {[%clk 01:33:01]} {[%emt 00:00:41]} h5
{[%clk 01:32:27]} {[%emt 00:00:10]} 8. Qd2 {[%clk 01:31:16]} {[%emt 00:02:15]}
Nbd7 {[%clk 01:32:50]} {[%emt 00:00:07]} 9. O-O-O {[%clk 01:25:26]} {[%emt
00:06:20]} b5 {[%clk 01:33:12]} {[%emt 00:00:07]} 10. Nd5 {[%clk 01:18:08]}
{[%emt 00:07:49]} Bb7 {[%clk 01:32:30]} {[%emt 00:01:11]} 11. Nb3 {[%clk
01:10:18]} {[%emt 00:08:20]} Nxd5 {[%clk 01:29:50]} {[%emt 00:03:11]} 12. exd5
{[%clk 01:10:38]} {[%emt 00:00:09]} Nf6 {[%clk 01:28:43]} {[%emt 00:01:37]} 13.
Bg5 {[%clk 00:59:35]} {[%emt 00:11:34]} Rc8 {[%clk 01:21:59]} {[%emt 00:07:13]}
14. Na5 {[%clk 00:49:25]} {[%emt 00:10:40]} Ba8 {[%clk 01:18:29]} {[%emt
00:03:59]} 15. Bxf6 {[%clk 00:48:29]} {[%emt 00:01:28]} exf6 {[%clk 01:18:40]}
{[%emt 00:00:19]} 16. Re1+ {[%clk 00:44:19]} {[%emt 00:04:40]} Be7 {[%clk
01:18:49]} {[%emt 00:00:21]} 17. Kb1 {[%clk 00:40:01]} {[%emt 00:04:48]} Rc5
{[%clk 01:11:35]} {[%emt 00:07:44]} 18. Nc6 {[%clk 00:39:14]} {[%emt 00:01:17]}
Bxc6 {[%clk 01:07:42]} {[%emt 00:04:23]} 19. dxc6 {[%clk 00:39:42]} {[%emt
00:00:02]} f5 {[%clk 01:04:50]} {[%emt 00:03:22]} 20. Bd3 {[%clk 00:36:12]}
{[%emt 00:04:00]} Rxc6 {[%clk 01:02:50]} {[%emt 00:02:29]} 21. g4 {[%clk
00:32:42]} {[%emt 00:04:00]} hxg4 {[%clk 00:58:40]} {[%emt 00:04:40]} 22. fxg4
{[%clk 00:32:12]} {[%emt 00:01:01]} fxg4 {[%clk 00:58:32]} {[%emt 00:00:38]}
23. Qg5 {[%clk 00:28:32]} {[%emt 00:04:09]} Rh5 {[%clk 00:54:21]} {[%emt
00:04:41]} 24. Qxg4 {[%clk 00:28:14]} {[%emt 00:00:48]} Kf8 {[%clk 00:53:46]}
{[%emt 00:01:05]} 25. Bxg6 {[%clk 00:27:02]} {[%emt 00:01:43]} Rg5 {[%clk
00:51:25]} {[%emt 00:02:50]} 26. Qf3 {[%clk 00:26:38]} {[%emt 00:00:53]} Rxg6
{[%clk 00:46:34]} {[%emt 00:05:23]} 27. Qxc6 {[%clk 00:26:47]} {[%emt
00:00:21]} d5 {[%clk 00:46:40]} {[%emt 00:00:24]} 28. Qc3 {[%clk 00:26:40]}
{[%emt 00:00:33]} Bf6 {[%clk 00:45:39]} {[%emt 00:01:34]} 29. Qc5+ {[%clk
00:23:50]} {[%emt 00:03:21]} Kg7 {[%clk 00:43:38]} {[%emt 00:02:30]} 30. Rhg1
{[%clk 00:23:35]} {[%emt 00:00:44]} Qa5 {[%clk 00:42:31]} {[%emt 00:01:39]} 31.
h4 {[%clk 00:21:29]} {[%emt 00:02:35]} Bxh4 {[%clk 00:41:16]} {[%emt 00:01:46]}
32. Rxg6+ {[%clk 00:21:30]} {[%emt 00:00:28]} fxg6 {[%clk 00:41:14]} {[%emt
00:00:32]} 33. Qd4+ {[%clk 00:21:42]} {[%emt 00:00:18]} Bf6 {[%clk 00:40:13]}
{[%emt 00:01:31]} 34. Re7+ {[%clk 00:22:09]} {[%emt 00:00:03]} Kh6 {[%clk
00:40:16]} {[%emt 00:00:27]} 35. Qf4+ {[%clk 00:22:19]} {[%emt 00:00:19]} Bg5
{[%clk 00:40:25]} {[%emt 00:00:22]} 36. Qh2+ {[%clk 00:22:45]} {[%emt
00:00:03]} Bh4 {[%clk 00:40:48]} {[%emt 00:00:08]} 37. Qxh4# {[%emt 00:00:04]}
1-0

[Event "DEM U18 2025"]
[Site "Willingen GER"]
[Date "2025.06.13"]
[Round "8"]
[White "Hanmuradov, Ülwi"]
[Black "Eitel, Luc"]
[Result "1-0"]
[Termination "normal"]
[Board "15"]
[WhiteElo "1790"]
[BlackElo "1935"]
[WhiteClock "00:01:46"]
[BlackClock "00:00:31"]
[PlyCount "91"]
[WhiteFideId "34658840"]
[BlackFideId "16299728"]
[EventCountry "GER"]
[EventRounds "9"]
[EventType "swiss"]
[EventDate "2025.06.07"]

1. d4 {[%clk 01:30:53]} {[%emt 00:00:06]} d5 {[%clk 01:30:19]} {[%emt
00:00:42]} 2. c4 {[%clk 01:31:12]} {[%emt 00:00:12]} dxc4 {[%clk 01:30:39]}
{[%emt 00:00:11]} 3. Nf3 {[%clk 01:31:29]} {[%emt 00:00:11]} Nf6 {[%clk
01:31:02]} {[%emt 00:00:06]} 4. e3 {[%clk 01:31:50]} {[%emt 00:00:09]} e6
{[%clk 01:31:27]} {[%emt 00:00:06]} 5. Bxc4 {[%clk 01:32:09]} {[%emt 00:00:12]}
c5 {[%clk 01:31:48]} {[%emt 00:00:09]} 6. O-O {[%clk 01:32:15]} {[%emt
00:00:23]} Nc6 {[%clk 01:31:41]} {[%emt 00:00:37]} 7. Qe2 {[%clk 01:31:36]}
{[%emt 00:01:10]} a6 {[%clk 01:31:44]} {[%emt 00:00:27]} 8. a4 {[%clk
01:30:55]} {[%emt 00:01:11]} cxd4 {[%clk 01:25:43]} {[%emt 00:06:30]} 9. Rd1
{[%clk 01:29:21]} {[%emt 00:02:04]} Be7 {[%clk 01:18:25]} {[%emt 00:07:49]} 10.
exd4 {[%clk 01:27:40]} {[%emt 00:02:10]} Qc7 {[%clk 01:11:08]} {[%emt
00:07:45]} 11. Nc3 {[%clk 01:20:19]} {[%emt 00:07:53]} O-O {[%clk 01:05:22]}
{[%emt 00:06:15]} 12. h3 {[%clk 01:07:14]} {[%emt 00:13:36]} h6 {[%clk
00:53:51]} {[%emt 00:12:01]} 13. Be3 {[%clk 01:03:24]} {[%emt 00:04:20]} Bd7
{[%clk 00:42:55]} {[%emt 00:11:27]} 14. Rac1 {[%clk 00:57:54]} {[%emt
00:05:59]} Rfe8 {[%clk 00:32:55]} {[%emt 00:10:28]} 15. Bb3 {[%clk 00:52:24]}
{[%emt 00:06:01]} Rad8 {[%clk 00:28:47]} {[%emt 00:04:39]} 16. d5 {[%clk
00:45:45]} {[%emt 00:07:09]} exd5 {[%clk 00:27:50]} {[%emt 00:01:27]} 17. Nxd5
{[%clk 00:45:35]} {[%emt 00:00:41]} Nxd5 {[%clk 00:27:57]} {[%emt 00:00:22]}
18. Bxd5 {[%clk 00:45:32]} {[%emt 00:00:33]} Bf6 {[%clk 00:24:47]} {[%emt
00:03:39]} 19. Qc4 {[%clk 00:39:30]} {[%emt 00:06:33]} Be6 {[%clk 00:24:01]}
{[%emt 00:01:17]} 20. Bxe6 {[%clk 00:35:01]} {[%emt 00:04:58]} Rxd1+ {[%clk
00:19:20]} {[%emt 00:05:11]} 21. Rxd1 {[%clk 00:35:23]} {[%emt 00:00:08]} Rxe6
{[%clk 00:19:33]} {[%emt 00:00:16]} 22. b4 {[%clk 00:29:43]} {[%emt 00:06:11]}
Qe7 {[%clk 00:18:21]} {[%emt 00:01:37]} 23. b5 {[%clk 00:25:04]} {[%emt
00:05:14]} Re4 {[%clk 00:15:41]} {[%emt 00:03:09]} 24. Qd5 {[%clk 00:21:32]}
{[%emt 00:04:02]} Nb4 {[%clk 00:12:58]} {[%emt 00:03:13]} 25. Qc5 {[%clk
00:17:23]} {[%emt 00:04:38]} Qe6 {[%clk 00:07:10]} {[%emt 00:06:16]} 26. Rd6
{[%clk 00:14:41]} {[%emt 00:03:16]} Qe8 {[%clk 00:04:27]} {[%emt 00:03:12]} 27.
Nd2 {[%clk 00:08:23]} {[%emt 00:06:48]} Re5 {[%clk 00:01:29]} {[%emt 00:03:22]}
28. Qxb4 {[%clk 00:07:51]} {[%emt 00:01:09]} Be7 {[%clk 00:01:28]} {[%emt
00:00:31]} 29. Nc4 {[%clk 00:06:05]} {[%emt 00:02:15]} Bxd6 {[%clk 00:01:08]}
{[%emt 00:00:51]} 30. Qxd6 {[%clk 00:04:48]} {[%emt 00:01:46]} Re6 {[%clk
00:01:21]} {[%emt 00:00:17]} 31. Qd5 {[%clk 00:03:48]} {[%emt 00:01:28]} axb5
{[%clk 00:01:13]} {[%emt 00:00:42]} 32. Qxb5 {[%clk 00:03:50]} {[%emt
00:00:27]} Qa8 {[%clk 00:00:34]} {[%emt 00:01:04]} 33. a5 {[%clk 00:02:14]}
{[%emt 00:02:11]} Qc8 {[%clk 00:00:38]} {[%emt 00:00:19]} 34. Nb6 {[%clk
00:01:07]} {[%emt 00:01:44]} Qc7 {[%clk 00:00:31]} {[%emt 00:00:36]} 35. Nc4
{[%clk 00:00:35]} {[%emt 00:01:03]} Qc8 {[%clk 00:00:36]} {[%emt 00:00:25]} 36.
Qd5 {[%clk 00:00:37]} {[%emt 00:00:27]} Qb8 {[%clk 00:00:40]} {[%emt 00:00:26]}
37. g3 {[%clk 00:00:34]} {[%emt 00:00:33]} g5 {[%clk 00:00:40]} {[%emt
00:00:30]} 38. Kg2 {[%clk 00:00:33]} {[%emt 00:00:32]} Kh7 {[%clk 00:00:31]}
{[%emt 00:00:40]} 39. Qf5+ {[%clk 00:00:37]} {[%emt 00:00:23]} Kg8 {[%clk
00:00:37]} {[%emt 00:00:26]} 40. Qd5 {[%clk 00:00:35]} {[%emt 00:00:32]} Kh7
{[%clk 00:00:37]} {[%emt 00:00:29]} 41. Bd4 {[%clk 00:29:13]} {[%emt 00:01:52]}
Qc7 {[%clk 00:23:31]} {[%emt 00:07:33]} 42. Bb6 {[%clk 00:16:23]} {[%emt
00:13:23]} Qe7 {[%clk 00:15:29]} {[%emt 00:08:31]} 43. Ne3 {[%clk 00:07:46]}
{[%emt 00:09:09]} Kg8 {[%clk 00:06:14]} {[%emt 00:09:42]} 44. Nf5 {[%clk
00:05:16]} {[%emt 00:03:03]} Qb4 {[%clk 00:00:32]} {[%emt 00:05:58]} 45. Bd4
{[%clk 00:03:04]} {[%emt 00:02:55]} Qf8 {[%clk 00:00:31]} {[%emt 00:00:30]} 46.
Qxb7 {[%clk 00:01:46]} {[%emt 00:01:50]} 1-0